[Event "Durban Ethekwini op"]
[Site "Durban"]
[Date "2017.03.20"]
[Round "5"]
[White "Pather, Cayden"]
[Black "Govender, Eli Jordan"]
[Result "1/2-1/2"]
[WhiteElo "1280"]
[BlackElo "1481"]
[PlyCount "79"]
[EventDate "2017.03.18"]
[EventType "swiss"]
[EventRounds "7"]
[EventCountry "RSA"]
[SourceTitle "CBM 177 Extra"]
[Source "ChessBase"]
[SourceDate "2017.04.27"]
[SourceVersion "1"]
[SourceVersionDate "2017.04.27"]
[SourceQuality "1"]

1. e4 e5 2. Nc3 Nf6 3. Nf3 Nc6 4. d4 exd4 5. Nxd4 Bb4 6. Nxc6 bxc6 7. Bd3 d5 8. exd5 cxd5 9. 0-0 0-0 10. Bg5 c6 11. Qf3 Bd6 12. Rfe1 Rb8 13. Rab1 Be6 14. h3 h6 15. Bh4 Rb4 16. Bg3 Bxg3 17. Qxg3 Qb8 18. Qxb8 Rfxb8 19. b3 Re8 20. Na4 Nd7 21. a3 Rbb8 22. f4 g6 23. g4 f5 24. Kf2 Kf7 25. Kf3 Nf6 26. gxf5 Bxf5 27. Nc5 Bxh3 28. Rg1 Bf5 29. Bxf5 gxf5 30. Nd3 Ng4 31. Rxg4 fxg4+ 32. Kxg4 Kf6 33. Rh1 Rh8 34. Ne5 h5+ 35. Kf3 Rbc8 36. Nd7+ Kf5 37. Ne5 Kf6 38. Nd7+ Kf5 39. Ne5 Kf6 40. Nd7+ 1/2-1/2

[Event "RSA-ch U14"]
[Site "Bloemfontein"]
[Date "2016.03.20"]
[Round "1"]
[White "Govender, Eli Jordan"]
[Black "Blows, Kian"]
[Result "1-0"]
[WhiteElo "1480"]
[BlackElo "1266"]
[PlyCount "53"]
[EventDate "2016.03.20"]
[EventType "swiss"]
[EventRounds "11"]
[EventCountry "RSA"]
[SourceTitle "CBM 171 Extra"]
[Source "ChessBase"]
[SourceDate "2016.04.26"]
[SourceVersion "1"]
[SourceVersionDate "2016.04.26"]
[SourceQuality "1"]

1. e4 e5 2. Nf3 Nc6 3. Bb5 a6 4. Ba4 Nf6 5. 0-0 Be7 6. Re1 b5 7. Bb3 Na5 8. Nxe5 Nxb3 9. axb3 Bb7 10. d3 c5 11. Be3 Qc7 12. Ng4 c4 13. bxc4 bxc4 14. Nc3 cxd3 15. cxd3 0-0 16. Rc1 Bc6 17. Nd5 Qd8 18. Bb6 Qe8 19. Nc7 Qb8 20. Nxa8 Bxa8 21. Bd4 Qf4 22. Nxf6+ gxf6 23. Re3 Bd6 24. Rg3+ Kh8 25. Rc2 Bc6 26. Qg4 Qxg4 27. Bxf6+ 1-0

[Event "RSA-chT U14"]
[Site "Cape Town"]
[Date "2016.01.06"]
[Round "6.5"]
[White "Govender, Eli Jordan"]
[Black "Fouche, Janu"]
[Result "1-0"]
[WhiteElo "1338"]
[BlackElo "1144"]
[PlyCount "43"]
[EventDate "2016.01.04"]
[EventType "team-tourn"]
[EventRounds "7"]
[EventCountry "RSA"]
[SourceTitle "CBM 170 Extra"]
[Source "ChessBase"]
[SourceDate "2016.02.25"]
[SourceVersion "1"]
[SourceVersionDate "2016.02.25"]
[SourceQuality "1"]
[WhiteTeam "Ethekwini"]
[BlackTeam "Kenneth Kaunda"]
[WhiteTeamCountry "RSA"]
[BlackTeamCountry "RSA"]

1. e4 e5 2. Nf3 Nc6 3. Bb5 a6 4. Ba4 Nf6 5. 0-0 Be7 6. Re1 0-0 7. Bxc6 dxc6 8. Nxe5 Bd6 9. Nf3 Nh5 10. e5 Be7 11. d4 f6 12. Be3 fxe5 13. dxe5 Qxd1 14. Rxd1 Bg4 15. Nbd2 Rf5 16. h3 Bxf3 17. Nxf3 Rff8 18. Rd7 Rf7 19. Rad1 Raf8 20. a3 Nf4 21. Bxf4 Rxf4 22. Rxe7 1-0